000 00648nam a22001937a 4500
005 20240911124920.0
010 _aENG- 140823
020 _c499.00
_a9789354714047
035 _aEN-124355
037 _bDBAD
082 _aN
_21
100 _aCollins, Suzanne
_971478
245 _aThe Hunger Games:
_bTatching Fire/
_cBy Suzanne Collins
260 _aDublin
_bPublished in the UK by Schoastic,
_c2021
270 _bDublin
_aEuston House, 24 Eversholt street, london, NWI IDb Scholastic Ireland, 89E Lagan Road, Dublin Industrial Estate, Glasnevin,Dublin,
_eDII HP5F
300 _a472pg.
_c20cm(hb)
760 _b1
942 _2ddc
_cEN
_hN
_mCOL
_e1
999 _c204011
_d204011